[Event "3rd Elizabet Bykova memorial"]
[Site "Vladimir"]
[Date "2005.12.15"]
[EventDate "?"]
[Round "8"]
[Result "0-1"]
[White "Tatiana Shadrina"]
[Black "Natalia Pogonina"]
[WhiteElo "2386"]
[BlackElo "2401"]
[PlyCount "78"]

1. e4 c5 2. Nf3 d6 3. d4 cxd4 4. Nxd4 Nf6 5. Nc3 g6 6. Be3 Bg7
7. f3 O-O 8. Qd2 Nc6 9. O-O-O d5 10. Qe1 e5 11. Nxc6 bxc6
12. exd5 Nxd5 13. Bc4 Be6 14. Ne4 Qc7 15. Bc5 Rfd8 16. g4 Nf4
17. Bd6 Rxd6 18. Nxd6 Bd5 19. Nb5 Qb6 20. Bxd5 cxd5 21. Nc3
Rb8 22. b3 Qc5 23. Nb1 Rc8 24. c3 d4 25. c4 Ng2 26. Qe2 Ne3
27. g5 e4 28. fxe4 Nxd1 29. Rxd1 Qxg5+ 30. Kc2 Qe5 31. Kd3 Re8
32. Re1 f5 33. Qg2 Bh6 34. Qf3 Qxh2 35. Re2 Qg1 36. Nd2 Qc1
37. Kxd4 Qb2+ 38. Kc5 Bf8+ 39. Kb5 Rb8+ 0-1

[Event "3rd Elizabet Bykova memorial"]
[Site "Vladimir"]
[Date "2005.12.16"]
[EventDate "?"]
[Round "9"]
[Result "1/2-1/2"]
[White "Natalia Pogonina"]
[Black "Olga Zimina"]
[WhiteElo "2401"]
[BlackElo "2397"]
[PlyCount "95"]

1. e4 e5 2. Nf3 Nc6 3. Bb5 a6 4. Ba4 Nf6 5. O-O b5 6. Bb3 Bc5
7. a4 Rb8 8. axb5 axb5 9. c3 d6 10. d4 Bb6 11. Na3 O-O 12. d5
Ne7 13. Bc2 Bd7 14. Qe2 Ne8 15. Bd3 f5 16. Bg5 Nf6 17. Bxf6
Rxf6 18. Bxb5 fxe4 19. Nd2 Bxb5 20. Nxb5 e3 21. fxe3 Nxd5
22. Qc4 c6 23. Rxf6 Qxf6 24. Ne4 Qg6 25. Nbxd6 h6 26. Kh1 Kh7
27. Qe2 Bxe3 28. g3 Bb6 29. c4 Bd4 30. Rb1 Nf6 31. b3 Ng4
32. Qf3 Qh5 33. Qf5+ Qxf5 34. Nxf5 Ne3 35. Nxe3 Bxe3 36. b4
Kg6 37. Kg2 Kf5 38. Kf3 Bd4 39. b5 Ke6 40. Rb3 cxb5 41. Rxb5
Rxb5 42. cxb5 Kd5 43. g4 Kc4 44. Nd6+ Kd3 45. h4 g6 46. h5
gxh5 47. gxh5 Bb6 48. Ne4 1/2-1/2

[Event "3rd Elizabet Bykova memorial"]
[Site "Vladimir"]
[Date "2005.12.17"]
[EventDate "?"]
[Round "10"]
[Result "1-0"]
[White "Natalia Pogonina"]
[Black "Svetlana Petrenko"]
[WhiteElo "2401"]
[BlackElo "2327"]
[PlyCount "125"]

1. e4 c5 2. Nf3 e6 3. d4 cxd4 4. Nxd4 Nf6 5. Nc3 Nc6 6. a3 a6
7. Be2 Qc7 8. Be3 b5 9. O-O Bb7 10. Nxc6 Bxc6 11. Bd3 Rd8
12. Qe2 d6 13. Bf4 Be7 14. a4 b4 15. Nb1 e5 16. Bg5 a5 17. Nd2
h6 18. Bxf6 Bxf6 19. Bb5 O-O 20. Bxc6 Qxc6 21. Nc4 Qc5
22. Rad1 d5 23. exd5 Rxd5 24. Rxd5 Qxd5 25. Rd1 Qc5 26. b3 g6
27. Qe4 Qc7 28. Rd5 Rd8 29. Qd3 Kg7 30. h3 h5 31. Rxd8 Bxd8
32. Qd5 f6 33. Kf1 Kf8 34. Ke2 g5 35. g4 hxg4 36. hxg4 Be7
37. Qxa5 Qc6 38. Ne3 e4 39. Qd5 Qa6+ 40. Qc4 Qb6 41. Qxe4 Bc5
42. Nf5 Qa6+ 43. Ke1 Qa7 44. Qf3 Qb8 45. Qd5 Qa7 46. Qd2 Qb7
47. Qd8+ Kf7 48. Qd3 Qa7 49. f3 Qc7 50. Qd5+ Kf8 51. Qe6 Bd4
52. Qd6+ Qxd6 53. Nxd6 Be5 54. Nc4 Bg3+ 55. Ke2 Ke7 56. Ne3
Ke6 57. Kd3 Bf4 58. Ke4 Bc7 59. Nc4 Bg3 60. Nb2 Bd6 61. Nd3
Be7 62. a5 Kd7 63. Kd5 1-0

[Event "3rd Elizabet Bykova memorial"]
[Site "Vladimir"]
[Date "2005.12.18"]
[EventDate "?"]
[Round "11"]
[Result "1/2-1/2"]
[White "Irina Sudakova"]
[Black "Natalia Pogonina"]
[WhiteElo "2366"]
[BlackElo "2401"]
[PlyCount "21"]

1. e4 c5 2. Nc3 Nc6 3. f4 g6 4. Nf3 Bg7 5. d3 d6 6. g3 e6
7. Bg2 Nge7 8. O-O O-O 9. Be3 Nd4 10. Qd2 Rb8 11. Nh4 1/2-1/2

[Event "Moscow Aeroflot op-B"]
[Site "Moscow"]
[Date "2006.02.07"]
[EventDate "?"]
[Round "4"]
[Result "1-0"]
[White "Natalia Pogonina"]
[Black "Sergiy Zavgorodniy"]
[WhiteElo "2501"]
[BlackElo "2409"]
[PlyCount "67"]

1.e4 e5 2.Nf3 d6 3.d4 exd4 4.Nxd4 Nf6 5.Nc3 Be7 6.Be2 O-O
7.O-O Re8 8.f4 Bf8 9.Bf3 c6 10.Kh1 Na6 11.Nde2 Nc5 12.Ng3 Qc7
13.b3 g6 14.Bb2 Bg7 15.Rb1 Bd7 16.b4 Na6 17.e5 dxe5 18.fxe5
Rxe5 19.Nce4 Nd5 20.Bxe5 Bxe5 21.Rb3 Ndxb4 22.Qb1 Qa5 23.a3
Nd5 24.Rxb7 Bc8 25.Rb3 h6 26.c4 Ne7 27.Rd1 Nf5 28.Nxf5 Bxf5
29.Qc1 Kg7 30.Nd6 Be6 31.Bxc6 Rd8 32.Rb5 Qc7 33.Rxe5 Rxd6
34.Bd5 1-0

[Event "Moscow Aeroflot op-B"]
[Site "Moscow"]
[Date "2006.02.07"]
[EventDate "?"]
[Round "3"]
[Result "1/2-1/2"]
[White "Gennady Tunik"]
[Black "Natalia Pogonina"]
[WhiteElo "2493"]
[BlackElo "2501"]
[PlyCount "81"]

1.Nf3 c5 2.c4 Nc6 3.d4 cxd4 4.Nxd4 Nf6 5.Nc3 g6 6.e4 d6 7.Be2
Nxd4 8.Qxd4 Bg7 9.Be3 O-O 10.Qd2 Be6 11.Rc1 Qa5 12.b3 Rfc8
13.f3 a6 14.Na4 Qxd2+ 15.Kxd2 Nd7 16.g4 f5 17.gxf5 gxf5
18.Rhg1 Kh8 19.Bd3 Rf8 20.Ke2 Rac8 21.Nb6 Nxb6 22.Bxb6 fxe4
23.Bxe4 Bf5 24.Be3 Bxe4 25.fxe4 Be5 26.h4 b5 27.Bh6 Rfe8
28.Kd3 Bf6 29.Bg5 Bxg5 30.Rxg5 Rf8 31.Ke3 Rg8 32.Rxg8+ Kxg8
33.Kd4 Kf7 34.b4 bxc4 35.Rxc4 Rb8 36.a4 Ke6 37.b5 axb5 38.Rb4
Kd7 39.Rxb5 Rxb5 40.axb5 e6 41.h5 1/2-1/2

[Event "Moscow Aeroflot op-B"]
[Site "Moscow"]
[Date "2006.02.07"]
[EventDate "?"]
[Round "5"]
[Result "1-0"]
[White "Sergey Vokarev"]
[Black "Natalia Pogonina"]
[WhiteElo "2505"]
[BlackElo "2501"]
[PlyCount "47"]

1.e4 c5 2.Nf3 d6 3.d4 cxd4 4.Nxd4 Nf6 5.Nc3 g6 6.Be3 Bg7 7.f3
O-O 8.Qd2 Nc6 9.O-O-O d5 10.Kb1 Nxd4 11.e5 Nc6 12.exf6 Bxf6
13.Nxd5 Be6 14.h4 Bxd5 15.Qxd5 Qc7 16.c3 Rad8 17.Qe4 a6 18.Be2
b5 19.h5 b4 20.hxg6 Rxd1+ 21.Bxd1 bxc3 22.gxf7+ Rxf7 23.Qxh7+
Kf8 24.Bh6+ 1-0

[Event "Moscow Aeroflot op-B"]
[Site "Moscow"]
[Date "2006.02.07"]
[EventDate "?"]
[Round "7"]
[Result "1-0"]
[White "Sergei Iskusnyh"]
[Black "Natalia Pogonina"]
[WhiteElo "2487"]
[BlackElo "2501"]
[PlyCount "116"]

1.d4 Nf6 2.c4 c5 3.d5 b5 4.cxb5 a6 5.b6 e6 6.Nc3 Nxd5 7.Nxd5
exd5 8.Qxd5 Nc6 9.Nf3 Rb8 10.e4 Be7 11.Bc4 O-O 12.O-O Rxb6
13.Bd2 d6 14.Bc3 Be6 15.Qd3 Nb4 16.Qe2 Bxc4 17.Qxc4 d5 18.exd5
Qxd5 19.Ne5 Re6 20.Rfd1 Qxc4 21.Nxc4 Rd8 22.Rxd8+ Bxd8 23.a3
Nc6 24.Kf1 Be7 25.Re1 Rxe1+ 26.Kxe1 f6 27.f4 g6 28.Ne3 Kf7
29.Ke2 Ke6 30.Kd3 Na7 31.Kc4 Bd6 32.Nd5 f5 33.g3 Nc6 34.Nb6
Nd8 35.Na4 Nb7 36.Nb6 Bf8 37.Nd5 Bd6 38.Nf6 h6 39.Ne8 Kd7
40.Kd5 Kxe8 41.Kc6 g5 42.Bd2 gxf4 43.Kxb7 f3 44.Be3 f4 45.gxf4
Bxf4 46.Bxc5 Bxh2 47.Bf2 h5 48.Kxa6 Bg1 49.Bxg1 h4 50.b4 h3
51.b5 h2 52.Bxh2 f2 53.b6 f1=Q+ 54.Ka7 Qf2 55.Bc7 Kd7 56.a4
Qa2 57.b7 Qxa4+ 58.Kb8 Qa6 1-0

[Event "Moscow Aeroflot op-B"]
[Site "Moscow"]
[Date "2006.02.07"]
[EventDate "?"]
[Round "9"]
[Result "1/2-1/2"]
[White "Mikhail Panarin"]
[Black "Natalia Pogonina"]
[WhiteElo "2529"]
[BlackElo "2501"]
[PlyCount "62"]

1.e4 c5 2.Nf3 d6 3.d4 cxd4 4.Nxd4 Nf6 5.Nc3 g6 6.Be3 Bg7 7.f3
O-O 8.Qd2 Nc6 9.O-O-O d5 10.exd5 Nxd5 11.Nxc6 bxc6 12.Nxd5
cxd5 13.Bh6 Bxh6 14.Qxh6 e6 15.h4 Qf6 16.Kb1 Rb8 17.b3 a5
18.h5 Qg7 19.Qd2 a4 20.Bd3 Bd7 21.hxg6 hxg6 22.Rh4 Rb7 23.Rdh1
Ra8 24.Bxg6 fxg6 25.Rh8+ Qxh8 26.Rxh8+ Kxh8 27.Qh6+ Kg8
28.Qxg6+ Kf8 29.Qf6+ Kg8 30.Qg6+ Kf8 31.Qf6+ Kg8 1/2-1/2

[Event "RUS-chT (Women) 7th"]
[Site "Sochi"]
[Date "2006.04.20"]
[EventDate "?"]
[Round "9"]
[Result "1-0"]
[White "Natalia Pogonina"]
[Black "Zoja Severiukhina"]
[WhiteElo "2501"]
[BlackElo "2339"]
[PlyCount "65"]

1.e4 e6 2.d4 d5 3.Nd2 Nf6 4.e5 Nfd7 5.Bd3 c5 6.c3 Nc6 7.Ne2
Qb6 8.Nf3 f6 9.exf6 Nxf6 10.O-O Bd6 11.b3 O-O 12.Bg5 Bd7
13.Bh4 Rae8 14.Bg3 e5 15.dxe5 Nxe5 16.Nxe5 Bxe5 17.Qc2 Kh8
18.Rad1 Ng4 19.h3 c4 20.Bxc4 Bxg3 21.Nxg3 Nxf2 22.Rxf2 Qc7
23.Rxf8+ Rxf8 24.Rxd5 b5 25.Qd3 Bc6 26.Rh5 h6 27.Bd5 Bd7 28.c4
Qf4 29.Be4 Be6 30.Rxb5 Bxh3 31.Rd5 Be6 32.Rd8 Qf2+ 33.Kh2 1-0

[Event "RUS-chT (Women) 7th"]
[Site "Sochi"]
[Date "2006.04.20"]
[EventDate "?"]
[Round "11"]
[Result "1-0"]
[White "Natalia Pogonina"]
[Black "Tatiana Stepovaia-Dianchenko"]
[WhiteElo "2501"]
[BlackElo "2451"]
[PlyCount "77"]

1.e4 e5 2.Nf3 Nf6 3.Nc3 d6 4.d4 Nbd7 5.Bc4 Be7 6.O-O O-O 7.Re1
c6 8.a4 h6 9.b3 Re8 10.Bb2 Bf8 11.a5 Nh7 12.Ne2 exd4 13.Qxd4
Ne5 14.Nxe5 Rxe5 15.Bc3 Qh4 16.Ng3 Nf6 17.Qd3 Re8 18.h3 Bd7
19.Qf3 Be6 20.Bxe6 fxe6 21.e5 Nd5 22.Ra4 Qd8 23.Bb2 dxe5
24.Bxe5 Qd7 25.Rg4 Qf7 26.Qe2 Nf6 27.Rf4 Be7 28.Ne4 Rad8 29.c4
Kh7 30.Qc2 Kh8 31.Re3 Rf8 32.Nxf6 gxf6 33.Rh4 Qh7 34.Qxh7+
Kxh7 35.Bf4 Rd1+ 36.Kh2 Kg6 37.Rxh6+ Kf5 38.Rh7 Bc5 39.Rh5+
1-0

[Event "Russian Club Championship: Women"]
[Site "Sochi RUS"]
[Date "2006.04.21"]
[EventDate "2006.04.20"]
[Round "2"]
[Result "0-1"]
[White "Evgenia Meshcheriakova"]
[Black "Natalia Pogonina"]
[WhiteElo "2203"]
[BlackElo "2440"]
[PlyCount "96"]

1. e4 c5 2. Nf3 d6 3. Nc3 Nf6 4. Bc4 a6 5. a4 g6 6. e5 dxe5
7. Nxe5 e6 8. O-O Bg7 9. d3 O-O 10. Bg5 Qc7 11. f4 Nc6
12. Nxc6 Qxc6 13. Qf3 Qxf3 14. Rxf3 b6 15. Ne4 Nxe4 16. dxe4
Bxb2 17. Rb1 Bd4+ 18. Kf1 Bb7 19. Rxb6 Bxe4 20. c3 Bxf3
21. cxd4 Bd5 22. Bxd5 exd5 23. dxc5 Rfe8 24. Rd6 Rac8 25. Rxd5
Re4 26. a5 Rc4 27. Rd6 R4xc5 28. Rxa6 Rc2 29. Rd6 Ra2 30. Rd8+
Rxd8 31. Bxd8 Kf8 32. h3 Ke8 33. Bb6 Kd7 34. Kg1 Ra4 35. Kh2
Rxf4 36. a6 Ra4 37. a7 Kc6 38. Bf2 Ra3 39. Bd4 Kd5 40. Bb6 f5
41. Be3 Ke4 42. Bc5 Ra2 43. Kg3 g5 44. h4 Kd5 45. Bf2 Ra3+
46. Kh2 g4 47. Be3 h5 48. Kg1 g3 0-1

[Event "Russian Club Championship: Women"]
[Site "Sochi RUS"]
[Date "2006.04.23"]
[EventDate "2006.04.20"]
[Round "4"]
[Result "1-0"]
[White "Batkhuyag Munguntuul"]
[Black "Natalia Pogonina"]
[WhiteElo "2378"]
[BlackElo "2440"]
[PlyCount "139"]

1. e4 c5 2. Nf3 d6 3. d4 cxd4 4. Nxd4 Nf6 5. Nc3 g6 6. Be3 Bg7
7. f3 O-O 8. Qd2 Nc6 9. O-O-O d5 10. exd5 Nxd5 11. Nxc6 bxc6
12. Nxd5 cxd5 13. Qxd5 Qc7 14. Qc5 Qb7 15. b3 Bf5 16. Bd3 Rfc8
17. Qa5 Bxd3 18. Rxd3 Qc6 19. c4 Qf6 20. Bd4 e5 21. Bc3 Qg5+
22. Rd2 h5 23. Kb2 Qf4 24. h3 Rab8 25. Ka1 Qe3 26. Bb2 e4
27. Bxg7 Kxg7 28. Qe5+ Kg8 29. Qd4 Qg5 30. Re2 exf3 31. gxf3
a5 32. f4 Qh4 33. Rg2 Rd8 34. Qe5 Re8 35. Qg5 Re1+ 36. Rxe1
Qxe1+ 37. Kb2 a4 38. Qd5 a3+ 39. Kc2 Kg7 40. Qe5+ Qxe5
41. fxe5 Re8 42. Re2 g5 43. c5 Kg6 44. Kd3 Kf5 45. Rf2+ Ke6
46. Ke4 Rb8 47. Rf6+ Ke7 48. Kf5 Rb4 49. Ra6 g4 50. hxg4 hxg4
51. Ra7+ Ke8 52. c6 Kd8 53. Rxa3 g3 54. Ra8+ Kc7 55. Rg8 Kxc6
56. Rxg3 Rd4 57. Rg7 Rd2 58. Rxf7 Rxa2 59. Ke6 Rh2 60. Rf1
Rh6+ 61. Kf7 Rh7+ 62. Kg6 Rh3 63. Rd1 Rxb3 64. e6 Re3 65. Kf7
Re2 66. e7 Rf2+ 67. Ke8 Ra2 68. Re1 Kd6 69. Kf7 Rf2+ 70. Kg6
1-0

[Event "Russian Club Championship: Women"]
[Site "Sochi RUS"]
[Date "2006.04.24"]
[EventDate "2006.04.20"]
[Round "5"]
[Result "1-0"]
[White "Natalia Pogonina"]
[Black "Irina Slavina Turova"]
[WhiteElo "2440"]
[BlackElo "2362"]
[PlyCount "55"]

1. e4 e5 2. Nf3 Nc6 3. Bb5 Nf6 4. O-O Nxe4 5. d4 Be7 6. d5 Nd6
7. Be2 e4 8. dxc6 exf3 9. cxb7 Bxb7 10. Bxf3 Rb8 11. Nc3 O-O
12. Nd5 Bf6 13. c3 Be5 14. Qa4 Nc8 15. Rd1 Bc6 16. Qc2 Nb6
17. Be3 Re8 18. b3 Rb7 19. Rac1 Nxd5 20. Bxd5 Qf6 21. Bxc6
Qxc6 22. c4 a5 23. Qd2 a4 24. b4 Qe4 25. b5 d6 26. Re1 Qg6
27. Qa5 Bb2 28. Bd4 1-0

[Event "Russian Club Championship: Women"]
[Site "Sochi RUS"]
[Date "2006.04.25"]
[EventDate "2006.04.20"]
[Round "6"]
[Result "1/2-1/2"]
[White "Varvara Kirillova"]
[Black "Natalia Pogonina"]
[WhiteElo "2225"]
[BlackElo "2440"]
[PlyCount "87"]

1. e4 c5 2. Nf3 Nc6 3. d4 cxd4 4. Nxd4 g6 5. Nb3 Nf6 6. Nc3
Bg7 7. Be2 O-O 8. O-O d6 9. Re1 b6 10. Bf1 Bb7 11. Bg5 h6
12. Bh4 Rc8 13. Rb1 Nd7 14. Nd5 Nc5 15. Nxc5 bxc5 16. f4 Re8
17. c3 Qa5 18. Kh1 Rb8 19. Bc4 Bc8 20. b4 cxb4 21. cxb4 Qd8
22. Qa4 Bd7 23. b5 Nd4 24. Qxa7 Nxb5 25. Bxb5 Rxb5 26. Rxb5
Bxb5 27. Nxe7+ Kh7 28. Nxg6 Qc8 29. Ne7 Qg4 30. Nf5 Bc4
31. Qf2 Ra8 32. Nxd6 Rxa2 33. Qg3 Qxg3 34. hxg3 Bb3 35. Rb1
Ra1 36. Rxa1 Bxa1 37. Kg1 Bd4+ 38. Kf1 Bc5 39. e5 Bxd6
40. exd6 Be6 41. Kf2 h5 42. Ke3 f5 43. Kd4 Kg6 44. Kc5 1/2-1/2

[Event "Russian Club Championship: Women"]
[Site "Sochi RUS"]
[Date "2006.04.26"]
[EventDate "2006.04.20"]
[Round "7"]
[Result "1-0"]
[White "Natalia Pogonina"]
[Black "Tatjana Molchanova"]
[WhiteElo "2440"]
[BlackElo "2312"]
[PlyCount "81"]

1. e4 e5 2. Nf3 Nf6 3. Nxe5 d6 4. Nd3 Nxe4 5. Qe2 Qe7 6. b3
Nc6 7. Bb2 Bf5 8. Na3 O-O-O 9. O-O-O f6 10. Nc4 Ne5 11. Ne3
Bd7 12. Nxe5 fxe5 13. Nd5 Qf7 14. Qxe4 Bf5 15. Qf3 e4 16. Qf4
Qxd5 17. Bc4 Qc5 18. d4 exd3 19. b4 g5 20. bxc5 gxf4 21. Bxh8
Bh6 22. Bd4 dxc2 23. Rd2 dxc5 24. Bxc5 Rxd2 25. Kxd2 b6
26. Bd4 c5 27. Bd3 Be6 28. Be5 f3+ 29. Kxc2 fxg2 30. Rg1 Bxa2
31. Rxg2 Kd7 32. f4 Bd5 33. Rg4 c4 34. Bf5+ Kc6 35. Rh4 Bf8
36. Rxh7 a5 37. Rh8 Bb4 38. Rc8+ Kb5 39. h4 Bf3 40. Bd7+ Ka6
41. Bc6 1-0

[Event "Russian Club Championship: Women"]
[Site "Sochi RUS"]
[Date "2006.04.27"]
[EventDate "2006.04.20"]
[Round "8"]
[Result "0-1"]
[White "Elena Zaiatz"]
[Black "Natalia Pogonina"]
[WhiteElo "2417"]
[BlackElo "2440"]
[PlyCount "80"]

1. d4 Nf6 2. c4 c5 3. d5 b5 4. cxb5 a6 5. bxa6 g6 6. Nc3 Bxa6
7. g3 d6 8. Bg2 Bg7 9. Nf3 O-O 10. O-O Nbd7 11. Rb1 Ne8
12. Qc2 Nc7 13. Rd1 Bxc3 14. Qxc3 Bxe2 15. Re1 Nb5 16. Qe3
Bxf3 17. Bxf3 Nd4 18. Bd1 Rxa2 19. b4 Nf6 20. Qg5 Qa8 21. Bb2
Nxd5 22. Bxd4 cxd4 23. Bf3 e5 24. b5 Rb8 25. Rec1 d3 26. Qh6
Rc2 27. Rd1 Qa2 28. b6 Nc3 29. Ra1 Qb2 30. b7 e4 31. Bxe4 Nxe4
32. Rdb1 Qe5 33. Ra8 Qe8 34. Rba1 d2 35. Qxd2 Nxd2 36. Rxb8
Qxb8 37. Ra8 Rb2 38. Rxb8+ Kg7 39. Kg2 d5 40. g4 Ne4 0-1

[Event "Russian Women's Championship"]
[Site "Orel RUS"]
[Date "2006.06.29"]
[EventDate "2006.06.28"]
[Round "1"]
[Result "1/2-1/2"]
[White "Polina Malysheva"]
[Black "Natalia Pogonina"]
[WhiteElo "2298"]
[BlackElo "2440"]
[PlyCount "85"]

1. e4 c5 2. Nf3 d6 3. d4 cxd4 4. Nxd4 Nf6 5. Nc3 g6 6. Be3 Bg7
7. f3 O-O 8. Qd2 Nc6 9. Bc4 Bd7 10. O-O-O Rc8 11. Bb3 Ne5
12. Kb1 Re8 13. g4 b5 14. g5 b4 15. Nce2 Nh5 16. Ng3 a5 17. f4
a4 18. Bd5 Nc4 19. Bxc4 Rxc4 20. Nxh5 gxh5 21. f5 b3 22. cxb3
axb3 23. a3 Qa8 24. Qd3 Ra4 25. Rhg1 Bc6 26. Nxc6 Rxa3 27. Na7
Rxa7 28. Bxa7 Qxa7 29. f6 Qa2+ 30. Kc1 Rc8+ 31. Kd2 Qxb2+
32. Ke1 exf6 33. gxf6 Qxf6 34. Qxb3 Re8 35. Rd3 Qh4+ 36. Kd1
Qxe4 37. Qc3 Qa4+ 38. Kc1 Qf4+ 39. Kd1 Qa4+ 40. Kc1 Qf4+
41. Kd1 Qa4+ 42. Kc1 Qf4+ 43. Kd1 1/2-1/2

[Event "Russian Women's Championship"]
[Site "Orel RUS"]
[Date "2006.06.30"]
[EventDate "2006.06.28"]
[Round "2"]
[Result "1/2-1/2"]
[White "Natalia Pogonina"]
[Black "Viktoriya Tarasova"]
[WhiteElo "2440"]
[BlackElo "2276"]
[PlyCount "58"]

1. e4 d6 2. d4 Nf6 3. Nc3 g6 4. Be3 Bg7 5. Qd2 c6 6. Nf3 b5
7. Bd3 Bg4 8. O-O-O Bxf3 9. gxf3 Nbd7 10. Bh6 Bxh6 11. Qxh6
Qa5 12. Kb1 a6 13. Rhe1 b4 14. Ne2 c5 15. e5 dxe5 16. dxe5
Nxe5 17. Be4 Rc8 18. Nf4 Qc7 19. Nd5 Nxd5 20. Bxd5 Nd7 21. Qg7
Rf8 22. Bc4 Qb7 23. Qxh7 Nb6 24. Bxf7+ Rxf7 25. Qg8+ Rf8
26. Qxg6+ Rf7 27. Qg8+ Rf8 28. Qg6+ Rf7 29. Qg8+ Rf8 1/2-1/2

[Event "Russian Women's Championship"]
[Site "Orel RUS"]
[Date "2006.07.02"]
[EventDate "2006.06.28"]
[Round "4"]
[Result "1/2-1/2"]
[White "Sandugach Shaydullina"]
[Black "Natalia Pogonina"]
[WhiteElo "2293"]
[BlackElo "2440"]
[PlyCount "148"]

1. d4 Nf6 2. c4 c5 3. d5 b5 4. cxb5 a6 5. bxa6 g6 6. Nc3 Bxa6
7. g3 d6 8. Bg2 Bg7 9. Nf3 O-O 10. O-O Nbd7 11. Rb1 Ne8
12. Qc2 Nc7 13. Rd1 Nb5 14. Nxb5 Bxb5 15. b3 Qb6 16. a4 Ba6
17. e4 Rfb8 18. Be3 Qd8 19. h3 Rb7 20. Nd2 Rab8 21. Bf1 Bxf1
22. Kxf1 Qa5 23. Rdc1 Ne5 24. Nc4 Qa6 25. Kg2 h5 26. Nxe5 Bxe5
27. Bd2 Bd4 28. Be1 Bf6 29. Rd1 Rb6 30. a5 R6b7 31. Rdc1 Rb5
32. Rd1 Qb7 33. Rd3 Qa6 34. Rdd1 Qb7 35. Rd3 Qa6 36. Rdd1 Qb7
37. Rd3 h4 38. g4 Be5 39. Bd2 Bf6 40. g5 Bg7 41. Rf3 Be5
42. Rd3 Qa6 43. Rc1 Qb7 44. Qc4 Qa7 45. Re1 Qb7 46. f4 Bg7
47. Ree3 Qa8 48. Re2 Qb7 49. e5 dxe5 50. fxe5 e6 51. Kh2 exd5
52. Qxd5 Rxb3 53. Qxb7 R8xb7 54. Rd8+ Bf8 55. e6 Re7 56. Bf4
fxe6 57. Bd6 Rf7 58. Bxc5 Rb5 59. Bxf8 Rxf8 60. Rxf8+ Kxf8
61. a6 Ra5 62. Rxe6 Rxg5 63. Rb6 Kg7 64. Rb7+ Kh6 65. a7 Ra5
66. Kg2 Ra3 67. Kf2 Kg5 68. Rf7 Kh6 69. Ke2 g5 70. Rb7 Kh5
71. Kf2 Kg6 72. Kg2 Kh5 73. Rc7 Kg6 74. Rb7 Kh5 1/2-1/2

[Event "Russian Women's Championship"]
[Site "Orel RUS"]
[Date "2006.07.03"]
[EventDate "2006.06.28"]
[Round "5"]
[Result "0-1"]
[White "Natalia Pogonina"]
[Black "Olga Girya"]
[WhiteElo "2440"]
[BlackElo "2201"]
[PlyCount "156"]

1. e4 c5 2. Nf3 Nc6 3. d4 cxd4 4. Nxd4 Qb6 5. Nb3 Nf6 6. Bd3
e6 7. O-O d5 8. exd5 exd5 9. Bg5 Be7 10. Nc3 Be6 11. Nb5 O-O
12. Bf4 Rac8 13. Nd6 Rcd8 14. Nf5 Bxf5 15. Bxf5 d4 16. a3 Nd5
17. Bg3 a5 18. a4 g6 19. Be4 f5 20. Bxd5+ Rxd5 21. Qe2 Rdd8
22. Qc4+ Kg7 23. Qb5 Qxb5 24. axb5 Nb4 25. Nxd4 Kf7 26. c3 Nd3
27. Bc7 Rd7 28. b6 Nxb2 29. Rxa5 Bd8 30. Bxd8 Rfxd8 31. Rb1
Nc4 32. Ra7 Nd2 33. Re1 Ne4 34. Nb5 Nc5 35. Kf1 Rd2 36. Rb1
R8d7 37. f3 Rc2 38. Nd4 Rxc3 39. Ne2 Rc2 40. Ra3 Rdd2 41. Re3
Rb2 42. Rxb2 Rxb2 43. Rc3 Ne6 44. Nc1 Rxb6 45. Nd3 Kf6 46. g3
Nd4 47. Nc5 Rc6 48. Kf2 Ne6 49. Nd7+ Ke7 50. Rxc6 bxc6 51. Ne5
Kd6 52. f4 Kd5 53. Ke3 Nc5 54. h3 Ne4 55. g4 c5 56. gxf5 gxf5
57. Nf3 Kc4 58. h4 Kb3 59. h5 h6 60. Nh4 Nd6 61. Nf3 c4
62. Kd2 Ne4+ 63. Kc1 Kc3 64. Ne5 Nd6 65. Nc6 Kd3 66. Ne7 Ke4
67. Ng8 Kxf4 68. Nxh6 Kg5 69. Ng8 Kxh5 70. Kd2 Kg4 71. Nf6+
Kf3 72. Nd7 Ne4+ 73. Kc2 Ke3 74. Ne5 c3 75. Ng6 f4 76. Ne7 f3
77. Nf5+ Kf4 78. Nd4 f2 0-1

[Event "Russian Women's Championship"]
[Site "Orel RUS"]
[Date "2006.07.06"]
[EventDate "2006.06.28"]
[Round "8"]
[Result "1/2-1/2"]
[White "Elena Fatalibekova"]
[Black "Natalia Pogonina"]
[WhiteElo "2277"]
[BlackElo "2440"]
[PlyCount "89"]

1. e4 c5 2. Nf3 d6 3. d4 cxd4 4. Nxd4 Nf6 5. Nc3 g6 6. g3 Bg7
7. Bg2 O-O 8. O-O Bg4 9. Nde2 Qc8 10. Bg5 Nc6 11. Nd5 Nxd5
12. exd5 Bxe2 13. Qxe2 Nd4 14. Qxe7 Nf5 15. Qe4 Bxb2 16. Rab1
Bg7 17. Bh3 Nxg3 18. hxg3 Qxh3 19. Rxb7 Be5 20. Qf3 Rac8
21. Be7 Rc3 22. Qg2 Qxg2+ 23. Kxg2 Rfc8 24. f4 Rxc2+ 25. Kh3
Bc3 26. Bxd6 Rd2 27. Rc1 Rxd5 28. Bb4 Rd3 29. Rxa7 Kg7 30. Rb7
h5 31. Rc2 Rc4 32. a3 g5 33. fxg5 Rxg3+ 34. Kxg3 Be5+ 35. Kf3
Rxc2 36. Ke4 Ba1 37. Bd6 Re2+ 38. Kf3 Rd2 39. Rb1 Rxd6
40. Rxa1 Rd5 41. a4 Ra5 42. Kf4 Kg6 43. Ra2 Rf5+ 44. Ke4 Ra5
45. Kf4 1/2-1/2

[Event "Russian Women's Championship"]
[Site "Orel RUS"]
[Date "2006.07.07"]
[EventDate "2006.06.28"]
[Round "9"]
[Result "1-0"]
[White "Natalia Pogonina"]
[Black "Baira Kovanova"]
[WhiteElo "2440"]
[BlackElo "2307"]
[PlyCount "111"]

1. e4 e5 2. Nf3 Nc6 3. Bb5 a6 4. Ba4 Nf6 5. O-O Be7 6. Re1 b5
7. Bb3 d6 8. c3 O-O 9. h3 Na5 10. Bc2 c5 11. d4 Qc7 12. Nbd2
cxd4 13. cxd4 Nc6 14. Nb3 a5 15. Be3 a4 16. Nbd2 Bd7 17. Rc1
Qb7 18. Qe2 Rfe8 19. Bd3 Rab8 20. d5 Nb4 21. Bb1 Bd8 22. a3
Na6 23. Bd3 h6 24. Rc2 Bb6 25. Bxb5 Bxb5 26. Qxb5 Bxe3
27. Qxb7 Bxf2+ 28. Kxf2 Rxb7 29. Nc4 Rd8 30. Nfd2 Rb5 31. Rec1
g6 32. g4 Kf8 33. Ke3 Ke7 34. Rc3 h5 35. g5 Nh7 36. Nf3 Rd7
37. R1c2 Nb8 38. Ncd2 Na6 39. Rc6 Nc5 40. Nxe5 dxe5 41. R6xc5
Rxc5 42. Rxc5 Nxg5 43. h4 Nh3 44. Nc4 Rb7 45. d6+ Kd7 46. Rxe5
Rb3+ 47. Kd4 Nf4 48. Re7+ Kc8 49. Rxf7 Ne6+ 50. Kd5 Nd8
51. Rc7+ Kb8 52. Ne5 Rb5+ 53. Rc5 Rxb2 54. Nc6+ Kc8 55. Nxd8+
Kxd8 56. Ra5 1-0

[Event "St Petersburg Rudenko mem"]
[Site "St Petersburg"]
[Date "2006.08.26"]
[EventDate "?"]
[Round "9"]
[Result "1-0"]
[White "Natalia Pogonina"]
[Black "Natalia Zdebskaja"]
[WhiteElo "2501"]
[BlackElo "2410"]
[PlyCount "109"]

1.e4 c5 2.Nf3 d6 3.d4 cxd4 4.Nxd4 Nf6 5.Nc3 a6 6.Be2 e5 7.Nb3
Be7 8.Be3 Be6 9.O-O O-O 10.Qd2 Nbd7 11.a4 Rc8 12.Rfc1 Nb6
13.a5 Nc4 14.Bxc4 Rxc4 15.Qd3 d5 16.exd5 Bxd5 17.Bb6 Qd7
18.Rd1 Be6 19.Qe2 Qc6 20.Qxe5 Nd7 21.Qe3 Nxb6 22.axb6 Rg4
23.g3 Rb4 24.Nd4 Qxb6 25.Na4 Qd6 26.c3 Rxa4 27.Rxa4 Bb3 28.Rb4
Bxd1 29.Nf5 Qb8 30.Nxe7+ Kh8 31.Qe4 Bh5 32.Rxb7 Qd6 33.Nd5 Qc6
34.Rb6 Qa8 35.Qe5 Bf3 36.Nc7 Rd8 37.Rd6 Rxd6 38.Qxd6 Qb8
39.Qd7 Kg8 40.Nxa6 Qa8 41.Qc7 Bb7 42.Qb8+ Qxb8 43.Nxb8 Kf8
44.Nd7+ Ke7 45.Nc5 Bf3 46.Kf1 Kd6 47.b4 Kd5 48.Ke1 Kc4 49.Kd2
Bc6 50.Nd3 f6 51.Nf4 Be8 52.Ne6 g6 53.Nd4 Bd7 54.Nc2 Bb5
55.Na3+ 1-0

[Event "St Petersburg Rudenko mem"]
[Site "St Petersburg"]
[Date "2006.08.26"]
[EventDate "?"]
[Round "2"]
[Result "1/2-1/2"]
[White "Marina Aseeva"]
[Black "Natalia Pogonina"]
[WhiteElo "2165"]
[BlackElo "2501"]
[PlyCount "105"]

1.e4 c5 2.Nf3 d6 3.d4 cxd4 4.Nxd4 Nf6 5.Nc3 g6 6.Be3 Bg7 7.f3
O-O 8.Qd2 Nc6 9.Bc4 Bd7 10.O-O-O Rc8 11.Bb3 Ne5 12.Kb1 Re8
13.h4 h5 14.Bh6 Nc4 15.Bxc4 Rxc4 16.Bxg7 Kxg7 17.Nd5 e5
18.Nxf6 Qxf6 19.Nb3 Re6 20.Qe3 b6 21.Rdg1 Re8 22.Nd2 Rc5 23.g4
Qf4 24.Qxf4 exf4 25.g5 Be6 26.Rd1 Re5 27.c4 b5 28.Rc1 Rb8
29.Rhd1 a5 30.Nb3 bxc4 31.Nd4 Bd7 32.Rxc4 Rb6 33.Rc7 Ba4
34.Rd2 Bb5 35.Nxb5 Rexb5 36.Rd7 Kf8 37.R7xd6 Rxb2+ 38.Rxb2
Rxd6 39.Kc2 Rc6+ 40.Kd3 Rd6+ 41.Kc4 Rd1 42.Rb5 Rf1 43.Rb3 Rh1
44.Kd5 Rxh4 45.Ke5 Kg7 46.Ra3 Rh2 47.Kxf4 Rg2 48.Rxa5 h4
49.Rd5 h3 50.Rd1 h2 51.Rh1 Rxa2 52.Kg3 Ra5 53.Kf4 1/2-1/2